Most valuable forwards in football 2025 - Statistics

General Stats
  • This quiz has been taken 19 times
  • The average score is 20 of 25
Answer Stats
Value Nation Club Answer % Correct
€200.00m Norway Manchester City FC Erling Haaland
100%
€200.00m France Real Madrid CF Kylian Mbappé
100%
€200.00m Spain FC Barcelona Lamine Yamal
100%
€120.00m Sweden Liverpool FC Alexander Isak
94%
€130.00m England Arsenal FC Bukayo Saka
94%
€150.00m Brazil Real Madrid CF Vinicius Junior
94%
€85.00m Argentina FC Internazionale Milano Lautaro Martínez
88%
€130.00m France FC Bayern München Michael Olise
88%
€70.00m Sweden Arsenal FC Viktor Gyökeres
88%
€70.00m Netherlands Liverpool FC Cody Gakpo
82%
€100.00m Argentina Atlético de Madrid Julián Alvarez
82%
€70.00m Columbia FC Bayern München Luis Díaz
82%
€100.00m France Paris Saint-Germain FC Ousmane Dembélé
82%
€80.00m Brazil FC Barcelona Raphinha
82%
€75.00m Nigeria Galatasaray Sportklub Victor Osimhen
82%
€80.00m Brazil Chelsea FC Estêvão
76%
€85.00m France Liverpool FC Hugo Ekitiké
76%
€70.00m Portugal AC Milan Rafael Leão
76%
€75.00m Cameroon Manchester United FC Bryan Mbeumo
71%
€75.00m Turkiye Juventus FC Kenan Yıldız
71%
€90.00m Georgia Paris Saint-Germain FC Khvicha Kvaratskhelia
71%
€70.00m Germany Newcastle United FC Nick Woltemade
71%
€70.00m France Paris Saint-Germain FC Bradley Barcola
65%
€90.00m France Paris Saint-Germain FC Désiré Doué
65%
€70.00m Brazil Manchester United FC Matheus Cunha
41%
No matching quizzes found
Score Distribution
Percent of People with Each Score
Percentile by Number Answered
Your Score History
You have not taken this quiz